000 00536nam a22001817a 4500
005 20240409110922.0
010 _aENG-140081
020 _a9788195358359
_c300.00
035 _aEN-123613
037 _bDBAD
082 _a881
100 _a MULLICK, INAM HUSSAIN BEGG
_964444
245 _aTHE MAGICAL LIFE OF INAMORATO /
_c BY INAM HUSSAIN BEGG MULLICK
260 _aKolkata
_bWriters Workshop
_c2019
270 _aC-532, Lake Garden
_bKolkata
_e700045
300 _a90p;
_c22(Hb)
942 _2ddc
_cEN
_h881
_mMUL
999 _c201998
_d201998